| 000 | 00409 a2200145 4500 | ||
|---|---|---|---|
| 020 | _a9789588285108 (Hard) | ||
| 020 | _a9588285100 (Hard) | ||
| 041 | _aspa | ||
| 100 | _aGuevara, Ignacio | ||
| 245 | _aParia Solitario : de nino de la calle a apostol de Jesus / Ignacio Guevara | ||
| 260 | _aBogota, Colombia : Editorial Buena Semilla, 2006. | ||
| 300 |
_a231 pages ; _c22 cm |
||
| 942 | _cBK | ||
| 952 | _71 | ||
| 999 |
_c21011 _d21011 |
||